<?xml version="1.0" encoding="UTF-8"?>
<record
    xmlns:xsi="http://www.w3.org/2001/XMLSchema-instance"
    xsi:schemaLocation="http://www.loc.gov/MARC21/slim http://www.loc.gov/standards/marcxml/schema/MARC21slim.xsd"
    xmlns="http://www.loc.gov/MARC21/slim">

  <leader>03471cam a22006734i 4500</leader>
  <controlfield tag="003">PE-LiUPU</controlfield>
  <controlfield tag="005">20250731180053.0</controlfield>
  <controlfield tag="008">160119s2014    ck a    rb    000 0 spa d</controlfield>
  <datafield tag="020" ind1=" " ind2=" ">
    <subfield code="a">9789588642451</subfield>
    <subfield code="q">(Tomo 1)</subfield>
  </datafield>
  <datafield tag="020" ind1=" " ind2=" ">
    <subfield code="a">9789588642468</subfield>
    <subfield code="q">(Tomo 2)</subfield>
  </datafield>
  <datafield tag="035" ind1=" " ind2=" ">
    <subfield code="a">(Sirsi) i9789588642451</subfield>
  </datafield>
  <datafield tag="040" ind1=" " ind2=" ">
    <subfield code="a">CO-BoBLA</subfield>
    <subfield code="b">spa</subfield>
    <subfield code="c">CO-BoBLA</subfield>
    <subfield code="d">PE-LiUPU</subfield>
    <subfield code="e">rda</subfield>
  </datafield>
  <datafield tag="049" ind1=" " ind2=" ">
    <subfield code="a">PRUA</subfield>
  </datafield>
  <datafield tag="082" ind1="0" ind2="4">
    <subfield code="a">572.3</subfield>
    <subfield code="b">W68</subfield>
    <subfield code="2">21</subfield>
  </datafield>
  <datafield tag="100" ind1="1" ind2=" ">
    <subfield code="a">Wilches Torres, Miriam Andrea,</subfield>
    <subfield code="e">autor.</subfield>
  </datafield>
  <datafield tag="245" ind1="1" ind2="0">
    <subfield code="a">Manual de bioqu&#xED;mica /</subfield>
    <subfield code="c">Miriam Andrea Wilches Torres, Germ&#xE1;n Javier Arias Holgu&#xED;n.</subfield>
  </datafield>
  <datafield tag="264" ind1=" " ind2="1">
    <subfield code="a">Tunja :</subfield>
    <subfield code="b">Editorial Universidad de Boyac&#xE1;, Centro de Investigaciones para el Desarrollo - CIPADE, Facultad de Ciencias e Ingenier&#xED;a,</subfield>
    <subfield code="c">2013.</subfield>
  </datafield>
  <datafield tag="300" ind1=" " ind2=" ">
    <subfield code="a">2 Tomos :</subfield>
    <subfield code="b">ilustraciones ;</subfield>
    <subfield code="c">29 cent&#xED;metros</subfield>
  </datafield>
  <datafield tag="336" ind1=" " ind2=" ">
    <subfield code="a">text</subfield>
    <subfield code="2">rdacontent</subfield>
  </datafield>
  <datafield tag="337" ind1=" " ind2=" ">
    <subfield code="a">unmediated</subfield>
    <subfield code="2">rdamedia</subfield>
  </datafield>
  <datafield tag="338" ind1=" " ind2=" ">
    <subfield code="a">volume</subfield>
    <subfield code="2">rdacarrier</subfield>
  </datafield>
  <datafield tag="504" ind1=" " ind2=" ">
    <subfield code="a">Bibliograf&#xED;a.</subfield>
  </datafield>
  <datafield tag="505" ind1="0" ind2="0">
    <subfield code="g">Tomo 1.</subfield>
    <subfield code="a">Reglamento interno del laboratorio -- pH y acci&#xF3;n amortiguadora de los amino&#xE1;cidos -- Propiedades f&#xED;sico-qu&#xED;micas de los amino&#xE1;cidos -- Propiedades f&#xED;sico-qu&#xED;micas de las prote&#xED;nas -- Cin&#xE9;tica enzim&#xE1;tica -- Transporte electr&#xF3;nico -- Identificaci&#xF3;n de mono y disac&#xE1;ridos -- Glucogen&#xF3;lisis hep&#xE1;tica -- Caracter&#xED;sticas f&#xED;sico-qu&#xED;micas de los &#xE1;cidos grasos -- Bibliograf&#xED;a.</subfield>
  </datafield>
  <datafield tag="505" ind1="0" ind2="0">
    <subfield code="g">Tomo 2.</subfield>
    <subfield code="a">Reglamento interno del laboratorio -- Reconocimiento de las propiedades f&#xED;sico-qu&#xED;micas de algunos l&#xED;pidos -- Catabolismo de amino&#xE1;cidos: ureog&#xE9;nesis -- An&#xE1;lisis f&#xED;sico-qu&#xED;mico de la orina -- Espectrofotometr&#xED;a de naranja de metilo -- Espectrofotometr&#xED;a de la hemoglobina -- Funci&#xF3;n amortiguadora de la sangre -- Nucleoprote&#xED;nas: extraci&#xF3;n y caracterizaci&#xF3;n -- Bioqu&#xED;mica de hormonas: regulaci&#xF3;n hormonal de la glicemia -- Bibliograf&#xED;a.</subfield>
  </datafield>
  <datafield tag="526" ind1=" " ind2=" ">
    <subfield code="a">SEG44</subfield>
  </datafield>
  <datafield tag="526" ind1=" " ind2=" ">
    <subfield code="a">SEG26</subfield>
  </datafield>
  <datafield tag="526" ind1=" " ind2=" ">
    <subfield code="a">P159</subfield>
  </datafield>
  <datafield tag="526" ind1=" " ind2=" ">
    <subfield code="a">P155</subfield>
  </datafield>
  <datafield tag="526" ind1=" " ind2=" ">
    <subfield code="a">P154</subfield>
  </datafield>
  <datafield tag="526" ind1=" " ind2=" ">
    <subfield code="a">P153</subfield>
  </datafield>
  <datafield tag="526" ind1=" " ind2=" ">
    <subfield code="a">P150</subfield>
  </datafield>
  <datafield tag="526" ind1=" " ind2=" ">
    <subfield code="a">P100</subfield>
  </datafield>
  <datafield tag="526" ind1=" " ind2=" ">
    <subfield code="a">P31</subfield>
  </datafield>
  <datafield tag="526" ind1=" " ind2=" ">
    <subfield code="a">P30</subfield>
  </datafield>
  <datafield tag="526" ind1=" " ind2=" ">
    <subfield code="a">P26</subfield>
  </datafield>
  <datafield tag="526" ind1=" " ind2=" ">
    <subfield code="a">P25</subfield>
  </datafield>
  <datafield tag="526" ind1=" " ind2=" ">
    <subfield code="a">P24</subfield>
  </datafield>
  <datafield tag="526" ind1=" " ind2=" ">
    <subfield code="a">P22</subfield>
  </datafield>
  <datafield tag="526" ind1=" " ind2=" ">
    <subfield code="a">P15</subfield>
  </datafield>
  <datafield tag="526" ind1=" " ind2=" ">
    <subfield code="a">P10</subfield>
  </datafield>
  <datafield tag="541" ind1=" " ind2=" ">
    <subfield code="g">001-003081;</subfield>
  </datafield>
  <datafield tag="650" ind1=" " ind2="4">
    <subfield code="a">Acidos grasos</subfield>
    <subfield code="x">Propiedades fisicoquimicas</subfield>
    <subfield code="v">Manuales.</subfield>
  </datafield>
  <datafield tag="650" ind1=" " ind2="4">
    <subfield code="a">Amino&#xE1;cidos</subfield>
    <subfield code="v">Manuales.</subfield>
  </datafield>
  <datafield tag="650" ind1=" " ind2="4">
    <subfield code="a">Bioqu&#xED;mica</subfield>
    <subfield code="v">Manuales de laboratorio.</subfield>
  </datafield>
  <datafield tag="650" ind1=" " ind2="4">
    <subfield code="a">L&#xED;pidos</subfield>
    <subfield code="x">Propiedades fisicoquimicas</subfield>
    <subfield code="v">Manuales .</subfield>
  </datafield>
  <datafield tag="650" ind1=" " ind2="4">
    <subfield code="a">Nucleoprote&#xED;nas</subfield>
    <subfield code="v">Manuales.</subfield>
  </datafield>
  <datafield tag="650" ind1=" " ind2="4">
    <subfield code="a">Prote&#xED;nas</subfield>
    <subfield code="x">Propiedades fisicoquimicas</subfield>
    <subfield code="v">Manuales.</subfield>
  </datafield>
  <datafield tag="650" ind1=" " ind2="4">
    <subfield code="a">Sacaridos</subfield>
    <subfield code="v">Manuales.</subfield>
  </datafield>
  <datafield tag="650" ind1=" " ind2="4">
    <subfield code="a">Sintesis de la hemoglobina</subfield>
    <subfield code="v">Manuales.</subfield>
  </datafield>
  <datafield tag="700" ind1="1" ind2=" ">
    <subfield code="a">Arias Holgu&#xED;n, Germ&#xE1;n Javier,</subfield>
    <subfield code="e">autor.</subfield>
  </datafield>
  <datafield tag="910" ind1=" " ind2=" ">
    <subfield code="a">aas</subfield>
    <subfield code="b">jv</subfield>
    <subfield code="c">aas</subfield>
    <subfield code="d">20160119</subfield>
  </datafield>
  <datafield tag="942" ind1=" " ind2=" ">
    <subfield code="2">ddc</subfield>
    <subfield code="c">BOOK</subfield>
  </datafield>
  <datafield tag="949" ind1=" " ind2=" ">
    <subfield code="a">PGE 572.3 W68 1</subfield>
    <subfield code="w">DEWEY</subfield>
    <subfield code="c">1</subfield>
    <subfield code="i">72307</subfield>
    <subfield code="l">CCODEBUL1</subfield>
    <subfield code="m">BUL</subfield>
    <subfield code="p">36.60</subfield>
    <subfield code="r">0</subfield>
    <subfield code="s">Y</subfield>
    <subfield code="t">BOOK</subfield>
    <subfield code="u">2016-1-19</subfield>
    <subfield code="x">EDUCACION</subfield>
    <subfield code="P">P57</subfield>
    <subfield code="0">COMPRA</subfield>
    <subfield code="o">.STAFF. Posgrado</subfield>
  </datafield>
  <datafield tag="949" ind1=" " ind2=" ">
    <subfield code="a">PGE 572.3 W68 2</subfield>
    <subfield code="w">DEWEY</subfield>
    <subfield code="c">2</subfield>
    <subfield code="i">72308</subfield>
    <subfield code="l">CCODEBUL1</subfield>
    <subfield code="m">BUL</subfield>
    <subfield code="p">36.60</subfield>
    <subfield code="r">0</subfield>
    <subfield code="s">Y</subfield>
    <subfield code="t">BOOK</subfield>
    <subfield code="u">2016-1-19</subfield>
    <subfield code="x">EDUCACION</subfield>
    <subfield code="P">P57</subfield>
    <subfield code="0">COMPRA</subfield>
    <subfield code="o">.STAFF. Posgrado</subfield>
  </datafield>
  <datafield tag="994" ind1=" " ind2=" ">
    <subfield code="a">C0</subfield>
    <subfield code="b">PEPRU</subfield>
  </datafield>
  <datafield tag="596" ind1=" " ind2=" ">
    <subfield code="a">1</subfield>
  </datafield>
  <datafield tag="999" ind1=" " ind2=" ">
    <subfield code="a">PGE 572.3 W68 1</subfield>
    <subfield code="w">DEWEY</subfield>
    <subfield code="c">8487</subfield>
    <subfield code="i">72307</subfield>
    <subfield code="d">8487</subfield>
    <subfield code="e">2019-6-17</subfield>
    <subfield code="f">2021-11-5</subfield>
    <subfield code="g">5</subfield>
    <subfield code="l">CCODEBUL1</subfield>
    <subfield code="m">BUL</subfield>
    <subfield code="n">1</subfield>
    <subfield code="p">36.60</subfield>
    <subfield code="r">0</subfield>
    <subfield code="s">Y</subfield>
    <subfield code="t">BOOK</subfield>
    <subfield code="u">2016-1-19</subfield>
    <subfield code="x">BIBLIOTECA</subfield>
    <subfield code="P">P57</subfield>
    <subfield code="0">COMPRA</subfield>
    <subfield code="o">.STAFF. Posgrado</subfield>
  </datafield>
  <datafield tag="999" ind1=" " ind2=" ">
    <subfield code="a">PGE 572.3 W68 2</subfield>
    <subfield code="w">DEWEY</subfield>
    <subfield code="c">2</subfield>
    <subfield code="i">72308</subfield>
    <subfield code="d">2022-5-9</subfield>
    <subfield code="f">2021-11-8</subfield>
    <subfield code="g">5</subfield>
    <subfield code="l">CCODEBUL1</subfield>
    <subfield code="m">BUL</subfield>
    <subfield code="p">36.60</subfield>
    <subfield code="q">2</subfield>
    <subfield code="r">0</subfield>
    <subfield code="s">Y</subfield>
    <subfield code="t">BOOK</subfield>
    <subfield code="u">2016-1-19</subfield>
    <subfield code="x">EDUCACION</subfield>
    <subfield code="P">P57</subfield>
    <subfield code="0">COMPRA</subfield>
    <subfield code="o">.STAFF. Posgrado</subfield>
  </datafield>
  <datafield tag="980" ind1=" " ind2=" ">
    <subfield code="8">1</subfield>
    <subfield code="g">ALBERTO SANCHEZ Responsable de Automatizaci&#xF3;n</subfield>
  </datafield>
  <datafield tag="952" ind1=" " ind2=" ">
    <subfield code="r">2025-12-02 00:00:00</subfield>
    <subfield code="i">6</subfield>
    <subfield code="l">1</subfield>
    <subfield code="o">572.3 W68 1</subfield>
    <subfield code="p">72307</subfield>
    <subfield code="s">2019-06-17</subfield>
    <subfield code="t">e1</subfield>
    <subfield code="v">41.60</subfield>
    <subfield code="w">2016-01-19</subfield>
    <subfield code="x">FACIHED</subfield>
    <subfield code="y">BK</subfield>
    <subfield code="z">inventario-2023-12-13</subfield>
    <subfield code="1">0</subfield>
    <subfield code="2">ddc</subfield>
    <subfield code="5">0</subfield>
    <subfield code="7">0</subfield>
    <subfield code="8">GEN</subfield>
    <subfield code="f">P10</subfield>
    <subfield code="a">BUL</subfield>
    <subfield code="b">BUL</subfield>
    <subfield code="c">GEN</subfield>
    <subfield code="d">2016-01-19</subfield>
    <subfield code="e">COMPRA</subfield>
    <subfield code="g">36.60</subfield>
  </datafield>
  <datafield tag="952" ind1=" " ind2=" ">
    <subfield code="r">2025-12-02 00:00:00</subfield>
    <subfield code="i">6</subfield>
    <subfield code="l">0</subfield>
    <subfield code="o">572.3 W68 2</subfield>
    <subfield code="p">72308</subfield>
    <subfield code="t">e2</subfield>
    <subfield code="v">41.60</subfield>
    <subfield code="w">2016-01-19</subfield>
    <subfield code="x">FACIHED</subfield>
    <subfield code="y">BK</subfield>
    <subfield code="z">inventario-2023-12-13</subfield>
    <subfield code="1">0</subfield>
    <subfield code="2">ddc</subfield>
    <subfield code="5">0</subfield>
    <subfield code="7">0</subfield>
    <subfield code="8">GEN</subfield>
    <subfield code="f">P10</subfield>
    <subfield code="a">BUL</subfield>
    <subfield code="b">BUL</subfield>
    <subfield code="c">GEN</subfield>
    <subfield code="d">2016-01-19</subfield>
    <subfield code="e">COMPRA</subfield>
    <subfield code="g">36.60</subfield>
  </datafield>
</record>
